000
00309cam a22001097a 4500
008
180718b1982 xxu||||| |||| 00| 0 eng d
082
_a
Y1182x5451 An24r
245
_a
Report of the commission for irrigation utilisation
260
_a
Hyderabad
_b
_c
1982
300
_a
180+p.
500
_a
Contents : Library has 2v
999
_c
499114
_d
499114